| 000 -ლიდერი |
| ფიქსირებული სიგრძის საკონტროლო ველი |
01306nam a2200229Ia 4500 |
| 001 - საკონტროლო ნომერი |
| საკონტროლო ველი |
7448 |
| 003 - საკონტროლო ნომრის იდენტიფიკატორი |
| საკონტროლო ველი |
GE_BSU |
| 005 - ბოლო ოპერაციის თარიღი და დრო |
| საკონტროლო ველი |
20231215181002.0 |
| 008 - ფიქსირებული სიგრძის მონაცემთა ელემენტები - ზოგადი ინფორმაცია |
| ფიქსირებული სიგრძის საკონტროლო ველი |
181216s1985||||ge |||||||||||||| ||geo|| |
| 040 ## - კატალოგიზაციის წყარო |
| Transcribing agency |
GE_BSU |
| 041 ## - ენის კოდი |
| Language code of text/sound track or separate title |
geo |
| 080 ## - უნივერსალური ათობითი კლასიფიკაციის ინდექსი |
| Universal Decimal Classification number |
821.353.1-91-1 დ-43 |
| 245 ## - ცნობა სათაურის შესახებ |
| Title |
დედას ვუყვარვართ შვილები : ქართული ხალხური პოეზია : |
| Remainder of title |
ლექსო, ამოგთქომ ; ლექსი ვეფხისა და მოყმისა ; შემომეყარა ყივჩაღი / |
| Statement of responsibility, etc |
შემდგ. შ. უშვერიძე ; მხატვ. ო. ქანდარია. |
| 264 ## - წარმოების, გამოცემის, დისტრიბუციის და სხვა ცნობები |
| გამოცემის, წარმოების, დისტრიბუციის... ადგილი |
ქუთაისი : |
| გამოცემის, წარმოების, დისტრიბუციის... სახელწოდება |
საქ. რესპ. წიგნის მოყვარულთა საზ–ბა, |
| გამოცემის, წარმოების, დისტრიბუციის... თარიღი |
1991. |
| 300 ## - ფიზიკური აღწერა |
| Extent |
14 გვ. : |
| Other physical details |
ილ. ; |
| Dimensions |
20 სმ. |
| 653 ## - INDEX TERM--UNCONTROLLED |
| Uncontrolled term |
დედას ვუყვარვართ შვილები |
| 653 ## - INDEX TERM--UNCONTROLLED |
| Uncontrolled term |
ქართული ხალხური პოეზია |
| 653 ## - INDEX TERM--UNCONTROLLED |
| Uncontrolled term |
ქართული ხალხური პოეზია |
| 700 ## - ADDED ENTRY--PERSONAL NAME |
| Personal name |
უშვერიძე, შ. |
| Relator term |
შემდგენელი |
| 9 (RLIN) |
20764 |
| 700 ## - ADDED ENTRY--PERSONAL NAME |
| Personal name |
ქანდარია, ო. |
| Relator term |
მხატვარი |
| 9 (RLIN) |
20765 |
| 942 ## - ADDED ENTRY ELEMENTS (KOHA) |
| Koha item type |
წიგნი |
| Source of classification or shelving scheme |
|